Every LEGO Theme - Statistics

General Stats
  • This quiz has been taken 46 times
  • The average score is 36 of 147
Answer Stats
Run Name % Correct
2012 - Ninjago
90%
1999 - Star Wars
88%
2005 - City
83%
2012 - Friends
79%
2014 - Disney
71%
2001 - 20112018 - Harry Potter
71%
1978 - 19992001 2007 - 2011 2013 - 2015 Space
67%
2014 - 2015 The LEGO Movie
67%
2005 - 2008 Batman
64%
19891991 - 1997 2001 - 2002 2009 2013 2015 Pirates
64%
20112017 Pirates of the Caribbean
64%
1977 - Technic
64%
2011 - Ideas/Cuusoo
60%
2001 - Creator
55%
2013 - 2015 Legends of Chima
55%
2015 - Speed Champions
55%
2003 - 2004 Spider-Man
55%
2001 - 20102014 - 2016 Bionicle
52%
1978 - 19791981 1983 - 2002 2004 - 2014 2016 Castle
52%
2020 - Icons
50%
1969 - 19701972 - 1973 1975 - Duplo
48%
2016 - 2018 Nexo Knights
48%
2008 - Architecture
45%
2022 - 2023 Avatar
45%
2006 Avatar: The Last Airbender
45%
2008 - 20092023 Indiana Jones
45%
2012 - 2013 The Lord of the Rings
45%
2011 - 2012 Cars
43%
2013 - Minecraft
43%
2020 - Super Mario
43%
2024 - Animal Crossing
40%
2020 - Art
40%
2012 - 2014 The Hobbit
40%
2010 Toy Story
40%
1998 - 19992015 - Classic
38%
20242026 The Legend of Zelda
38%
2012 - Marvel Super Heroes
36%
2023 - Sonic the Hedgehog
36%
2025 - Botanicals
33%
2016 - BrickHeadz
33%
2023 - DREAMZzz
33%
2023 - Fortnite
33%
2015 - 2017 Elves
31%
20152018 - Jurassic World
31%
2009 - 2010 Power Miners
31%
2006 - 20092011 - 2012 Spongebob Squarepants
31%
1949 - 19501953 - 1970 System
31%
2018 - 2019 The LEGO Movie 2
31%
2014 - 2015 The Simpsons
31%
2014 - 2016 Mixels
29%
2010 - 2011 Atlantis
26%
2020 - 20212024 Despicable Me
26%
2010 - 2014 Hero Factory
26%
2012 Monster Fighters
26%
2025 - One Piece
26%
2026 Pokémon
26%
2017 - 2018 The LEGO Ninjago Movie
26%
2013 The Lone Ranger
26%
2024 - 2025 Wednesday
26%
2015 - 2017 Dimensions
24%
2020 - 2025 Monkie Kid
24%
2015 - 2016 Scooby-Doo
24%
2017 - 2018 The LEGO Batman Movie
24%
2024 - 2025 Wicked
24%
2016 Ghostbusters
21%
2010 Prince of Persia
21%
19982001 - 2013 Racers
21%
2008 Speed Racer
21%
2012 - 2014 Teenage Mutant Ninja Turtles
21%
2013 - 2021 Creator Expert
19%
2025 Horizon
19%
2014 - 2018 Juniors
19%
2025 Nike
19%
2000 - 20042006 - 2007 Sports
19%
2018 Unikitty
19%
2021 Vidiyo
19%
1996 - 19972002 Western
19%
2025 - Bluey
17%
2020 - 2023 Dots
17%
2019 - 2020 Hidden Side
17%
1998 - 20112013 2015 2020 Mindstorms
17%
2016 The Angry Birds Movie
17%
1978 - 2004 Town
17%
2008 - 2009 Agents
14%
2011 - DC Comics Super Heroes
14%
2012 Dino
14%
2002 Galidor
14%
1969 - 1978 LEGOLAND
14%
2018 - 20192022 Overwatch
14%
2000 - 2002 Studios
14%
2018 The Powerpuff Girls
14%
1966 - 19721974 - 1978 1980 - 1981
1983
1985 - 1986 1991 1993 - 1999 2001 - 2007
Trains
14%
2014 - 2015 Ultra Agents
14%
1998 - 20002003 Adventurers
12%
2010 - Collectable Minifigures
12%
2016 - 2017 DC Super Hero Girls
12%
1999 - 2000 Rock Raiders
12%
2020 Trolls World Tour
12%
2007 Aqua Raiders
10%
1995 - 1999 Aquazone
10%
1994 - 2008 Belville
10%
2017 Boost
10%
20192021 - Bricklink Designer Program
10%
2003 - 2006 Clickits
10%
2006 - 2008 Exo-Force
10%
2002 - 2004 Explore
10%
2000 Mickey Mouse
10%
2011 Pharaoh's Quest
10%
2004 - 2006 Quattro
10%
2005 - 2006 Vikings
10%
2010 World Racers
10%
2001 - 2005 Alpha Team
7%
2010 Ben 10: Alien Force
7%
2001 Dinosaurs
7%
19801996 - Education
7%
1979 - 1989 Fabuland
7%
2023 - Gabby's Dollhouse
7%
2009 - 2013 Games
7%
1998 - 1999 Znap
7%
2020 - 2022 Brick Sketches
5%
1960 - 19611965 1969 1972 1976 1979 - 1998 2000 2002 - 2004 Dacta
5%
2005 - 2006 Dino 2010/Dino Attack
5%
2003 Discovery
5%
2026 Editions
5%
20052007 - 2008 Factory
5%
1995 - 1999 Freestyle
5%
2002 - 2003 Island Xtreme Stunts
5%
2001 - 2002 Jack Stone
5%
2010 LEGO Universe
5%
19861990 - 1999 2004 Model Team
5%
1995 - 19992002 2005 Primo
5%
1979 - 19801997 - 2001 Scala
5%
2002 Spybotics
5%
1996 - 1997 Time Cruisers
5%
2003 - 2004 World City
5%
2003 - 2004 4 Juniors
2%
2000 - 2001 Action Wheelers
2%
2000 - 2012 Advanced Models
2%
2000 - 20012004 - 2005 Baby
2%
2019 Forma
2%
2014 Fusion
2%
2023 LEGO Games
2%
2011 - 2012 Life of George
2%
2011 - 2013 Master Builder Academy
2%
1970 - 19711973 1977 Minitalia
2%
2019 Stanger Things
2%
2018 - 2021 Xtra
2%
No matching quizzes found
Score Distribution
Percent of People with Each Score
Percentile by Number Answered
Your Score History
You have not taken this quiz